Welcome to the Holygrace Academy Library

Please use search bar below to get started

THE COMPLETE SCIENCE GUIDE (Record no. 1396)

MARC details
000 -LEADER
fixed length control field 00359nam a22001457a 4500
020 ## - INTERNATIONAL STANDARD BOOK NUMBER
ISBN 978-93-5103-305-9
082 ## - DEWEY DECIMAL CLASSIFICATION NUMBER
Classification number 500
Item number BEN/S
100 ## - MAIN ENTRY--AUTHOR NAME
Personal name BENNET, DONNA
245 ## - TITLE STATEMENT
Title THE COMPLETE SCIENCE GUIDE
Remainder of title FOR PRIMARY STUDENTS
250 ## - EDITION STATEMENT
Edition statement REPRINT
260 ## - PUBLICATION, DISTRIBUTION, ETC. (IMPRINT)
Place of publication DELHI
Name of publisher SCHOLASTIC INDIA
Year of publication 2016
300 ## - PHYSICAL DESCRIPTION
Number of Pages 173
650 ## - SUBJECT ADDED ENTRY--TOPICAL TERM
Topical Term SCIENCE REFERENCE
Geographic subdivision INDIA
942 ## - ADDED ENTRY ELEMENTS (KOHA)
Koha item type Books
Holdings
Withdrawn status Lost status Collection code Home library Current library Shelving location Date acquired Source of acquisition Cost, normal purchase price Full call number Accession Number Koha item type
    Reference Main Library Main Library SHELF-5 D REFERENCEBIOLOGY 09/11/2016 purchase 395.00 500 BEN/S 09961 Books